000 00540nam a22001937a 4500
003 OSt
005 20251106004157.0
008 251106b |||||||| |||| 00| 0 eng d
040 _aDWCL-Admin lib
_cOC
082 _aCirc. 641.5944 R464 1966
100 _aReynolds, Mary
245 _aFrench cooking for /leasure
_cMary Reynolds
260 _aLondon :
_bPaul Hamlyn Ltd. ,
_cc1966
300 _a 156 p. : ill. ;
_c28 cm.
504 _aIncludes index.
650 _a1. Cooking
650 _a2. French
942 _2ddc
_cBK-CIRC
_kCirc.
_n0
999 _c5511
_d5511